BONE CRAFTING TECHNIQUES FOR MAXILLARY IMPLANT (Record no. 3790)

MARC details
000 -LEADER
fixed length control field 00385nam a2200145Ia 4500
008 - FIXED-LENGTH DATA ELEMENTS--GENERAL INFORMATION
fixed length control field 150201s2005 xx 000 0 und d
082 ## - DEWEY DECIMAL CLASSIFICATION NUMBER
Classification number 617.6
Item number B2005K
100 ## - MAIN ENTRY--PERSONAL NAME
Personal name KAHNBERG,KARL BRIK
245 ## - TITLE STATEMENT
Title BONE CRAFTING TECHNIQUES FOR MAXILLARY IMPLANT
250 ## - EDITION STATEMENT
Edition statement 1ST
260 ## - PUBLICATION, DISTRIBUTION, ETC. (IMPRINT)
Name of publisher, distributor, etc. BLACKWELL SCIENCE PUB.
Place of publication, distribution, etc. EDINBURGH
Date of publication, distribution, etc. 2005
300 ## - PHYSICAL DESCRIPTION
Extent 1-192
650 ## - SUBJECT ADDED ENTRY--TOPICAL TERM
Topical term or geographic name as entry element IMPLANTOLOGY
942 ## - ADDED ENTRY ELEMENTS (KOHA)
Source of classification or shelving scheme Dewey Decimal Classification
Koha item type Books
Holdings
Withdrawn status Lost status Source of classification or shelving scheme Damaged status Not for loan Home library Current library Date acquired Source of acquisition Cost, normal purchase price Serial Enumeration / chronology SGTU Bill Number Total Checkouts Full call number Barcode Date last seen Date last checked out Bill Date Koha item type
    Dewey Decimal Classification     SGT Dental Library SGT Dental Library 09/01/2008 DELHI BOOK STORE DELHI 1480.00 1 SGTU 1550 1 617.6 B2005K FD4682 19/07/2019 18/07/2019 12/10/2012 Books